[Event "Gothenburg op"]
[Site "Gothenburg"]
[Date "2018.08.19"]
[Round "8"]
[White "Maddens, Martijn"]
[Black "Nilsson, Eskil"]
[Result "1-0"]
[WhiteElo "2141"]
[BlackElo "1928"]
[PlyCount "53"]
[EventDate "2018.08.17"]
[EventType "swiss"]
[EventRounds "8"]
[EventCountry "SWE"]
[SourceTitle "CBM 186 Extra"]
[Source "ChessBase"]
[SourceDate "2018.08.24"]
[SourceVersion "1"]
[SourceVersionDate "2018.08.24"]
[SourceQuality "1"]

1. e4 c5 2. c3 Nf6 3. e5 Nd5 4. d4 cxd4 5. cxd4 d6 6. Nf3 Nc6 7. Bc4 Nb6 8. Bb3 dxe5 9. d5 Na5 10. Nc3 Nxb3 11. Qxb3 g6 12. Nxe5 Bg7 13. Bf4 0-0 14. 0-0 e6 15. d6 Qxd6 16. Rfe1 Qe7 17. Rad1 Rd8 18. a4 Nd5 19. Nxd5 Rxd5 20. Nxg6 hxg6 21. Qxd5 Bxb2 22. Qf3 f6 23. Bd6 Qg7 24. Re2 f5 25. Rc2 Qf6 26. Rc7 e5 27. Qh3 1-0

[Event "Gothenburg op"]
[Site "Gothenburg"]
[Date "2018.08.18"]
[Round "5"]
[White "Petersson, Baldur Teodor"]
[Black "Nilsson, Eskil"]
[Result "1-0"]
[WhiteElo "2138"]
[BlackElo "1928"]
[PlyCount "121"]
[EventDate "2018.08.17"]
[EventType "swiss"]
[EventRounds "8"]
[EventCountry "SWE"]
[SourceTitle "CBM 186 Extra"]
[Source "ChessBase"]
[SourceDate "2018.08.24"]
[SourceVersion "1"]
[SourceVersionDate "2018.08.24"]
[SourceQuality "1"]

1. e4 c5 2. Nc3 Nc6 3. g3 g6 4. Bg2 Bg7 5. d3 Rb8 6. f4 d6 7. Nf3 Nd4 8. h3 e6 9. 0-0 Ne7 10. Ne2 Nec6 11. c3 Nxf3+ 12. Bxf3 0-0 13. Be3 f5 14. exf5 gxf5 15. d4 cxd4 16. Nxd4 d5 17. Rf2 Rf7 18. Rd2 Nxd4 19. Bxd4 b5 20. a4 a6 21. axb5 Bxd4+ 22. Rxd4 axb5 23. Qe2 Qc7 24. Kh2 Qd6 25. Rb4 Rfb7 26. Qe3 Qb6 27. Qxb6 Rxb6 28. Kg2 Kf7 29. Ra7+ R6b7 30. Rxb5 Kf6 31. Rbxb7 Bxb7 32. b4 e5 33. fxe5+ Kxe5 34. Kf2 h6 35. Ke3 Bc6 36. Re7+ Kf6 37. Rh7 Kg6 38. Rc7 d4+ 39. cxd4 Bxf3 40. Kxf3 Rxb4 41. Rd7 Kf6 42. Kf4 Ke6 43. Rd8 Ke7 44. Rd5 Kf6 45. Rd6+ Kg7 46. Kxf5 Rb3 47. Rd7+ Kg8 48. Kf4 h5 49. h4 Rd3 50. Rd5 Kg7 51. Rxh5 Rxd4+ 52. Kf3 Rd3+ 53. Kg4 Kg6 54. Rg5+ Kf6 55. Kh5 Rd8 56. Rg6+ Kf5 57. g4+ Kf4 58. Rf6+ Ke5 59. g5 Rd4 60. Rf1 Ke6 61. g6 1-0